00586nam a22001817a 450000500170000001000150001702000260003203500140005803700090007208200120008110000170009324500900011026000660020027000760026630000200034270000200036270000220038220250822113542.0 aENG-146510 a9789364442862c750.00 aEN-130042 bDBAD a005.133 aGhosh, Vinit aHR ANALYTICSc Vinit Ghosh, Shruthi J Mayur, Satwik UpadhyaybBridging Theory and pra aChennai bMcGraw Hill Education (India) Private Limitedc2026 aAnjana Complex no: 5/90 A, Butt Road, St.Thomas Mount bChennaie600016 a331pc24cm(pbk) aShruthi J Mayur a Satwik Upadhyay